Gaming Quiz

Random Gaming or Minecraft Quiz

PS3 Minecraft Mobs Quiz Stats

Quiz not verified by Sporcle

Also try: Monopoly States
Challenge
Share
Tweet
Embed
Score 0/27 Timer 05:00
0 Plays Today
Dimension Mob % Correct
OverworldCow
94.3%
OverworldSheep
91.4%
OverworldZombie
91.4%
OverworldPig
88.6%
OverworldEnderman
85.7%
OverworldWolf
82.9%
The NetherGhast
80%
OverworldSpider
77.1%
OverworldCave Spider
77.1%
OverworldSkeleton
77.1%
The NetherZombie Pigman
77.1%
OverworldCreeper
74.3%
The EndEnderdragon
74.3%
OverworldChicken
71.4%
Dimension Mob % Correct
The NetherBlaze
68.6%
OverworldVillager
65.7%
OverworldOcelot
65.7%
The NetherMagma Cube
65.7%
The NetherWither Skeleton
65.7%
OverworldSlime
62.9%
OverworldSquid
60%
OverworldWitch
60%
OverworldHorse
57.1%
OverworldDonkey
48.6%
OverworldMule
45.7%
OverworldMooshroom
42.9%
OverworldSilverfish
42.9%

You're not logged in!

Compare scores with friends on all Sporcle quizzes.
Join for Free
OR
Log In

You Might Also Like...

Show Comments

Extras

Top Quizzes Today


Score Distribution

Your Account Isn't Verified!

In order to create a playlist on Sporcle, you need to verify the email address you used during registration. Go to your Sporcle Settings to finish the process.

Report this User

Report this user for behavior that violates our Community Guidelines.

Details: